000 01763nam a2200469Ii 4500
001 DIGSEXPIS0047
003 NyNyDIG
006 m o d
007 cr |||||||||||
008 230610s2019 sp o 000 f spa d
035 _a(OCoLC)1382358418
040 _aDGITA
_beng
_erda
_epn
_cDGITA
020 _a9788417517250
_qeBook
020 _z9788416677641
041 1 _aspa
_heng
050 1 4 _aPR6053.A73 ebook
100 1 _aCarter, Angela,
_d1940-1992,
_eauthor.
240 1 0 _aMagic toyshop.
_lSpanish
_s(Peralta)
245 1 3 _aLa juguetería mágica /
_cAngela Carter ; traducción de Carlos Peralta.
250 _aPrimera edición.
264 1 _aMadrid, España :
_bSexto Piso,
_c2019.
300 _a1 online resource.
336 _atext
_btxt
_2rdacontent
337 _acomputer
_bc
_2rdamedia
338 _aonline resource
_bcr
_2rdacarrier
347 _atext file
_2rdaft
347 _bEPUB
490 1 _aNarrativa Sexto Piso
588 0 _aOnline resource; title from ePub title page (Digitalia, viewed June 10, 2023)
650 0 _aTeenage girls
_vFiction.
650 0 _aFairy tales
_vAdaptations.
655 7 _aFiction.
_2lcgft
700 1 _aPeralta, Carlos,
_etranslator.
700 1 _iTranslation of:
_aCarter, Angela,
_d1940-1992.
_tMagic toyshop.
791 2 _aDigitalia (Firm),
_edistributor.
793 0 _gDigitalia eBook Collection:
_aEditorial Sexto Piso
776 0 8 _iPrint version:
_aCarter, Angela, 1940-1992.
_sMagic toyshop. Spanish (Peralta).
_tJuguetería mágica.
_bPrimera edición.
_dMadrid, España : Sexto Piso, [2019]
_z9788416677641
830 0 _aNarrativa Sexto Piso.
856 4 0 _3Digitalia Hispánica
_uhttps://www.digitaliapublishing.com/a/81323/
910 _aPremium collection: 2023
942 _cRAA
999 _c265257
_d265257